| 000 | 02476cam a22004574i 4500 | ||
|---|---|---|---|
| 003 | PE-LiUPU | ||
| 005 | 20250731173420.0 | ||
| 008 | 150706s1998 miu rb 000 0 spa d | ||
| 020 | _a9780825414602 | ||
| 035 | _a(Sirsi) i9780825414602 | ||
| 040 |
_aPE-LiUPU _bspa _cPE-LiUPU _erda |
||
| 049 | _aPRUA | ||
| 082 | 0 | 4 |
_a248.4 _bM12 _221 |
| 100 | 1 |
_aMacdonald, William, _eautor. |
|
| 245 | 1 | 3 |
_aEl mandamiento olvidado : _bSed Santos / _cWilliam MacDonald. |
| 264 | 1 |
_aGrand Rapids, Michigan : _bPortavoz, _c[1998]. |
|
| 300 |
_a175 páginas ; _c22 centímetros |
||
| 336 |
_atext _2rdacontent |
||
| 337 |
_aunmediated _2rdamedia |
||
| 338 |
_avolume _2rdacarrier |
||
| 504 | _aCon notas bibliográficas. | ||
| 505 | 0 | _aReflejo de Cristo -- Pobres reflejos de Cristo -- Personas que nos hacen pensar en Jesús -- ¿Por qué ser santos? -- Cuatro clases de santificación -- Toda la armadura de Dios -- La parte de Dios-nuestra parte -- Cómo hacer santos a los hombres -- Principios de conducta cristiana -- La encarnizada batalla contra el pecado -- Pongamos las cosas en claro -- El camino a la victoria-ser llenos del Espíritu -- Dos reinos -- La anatomía del pecado y del arrepentimiento -- El aspecto de la pureza moral -- A la homosexualidad Dios la llama pecado -- La masturbación -- La conciencia, el árbitro interior -- Como el hombre piensa -- La meditación tal como debe ser -- El doma de la lengua -- Perdónanos nuestros chismes -- La prueba de la temperatura del temperamento -- Cómo debemos vestirnos -- Decir la verdad -- Dilemas morales -- Señor, ¡Quebrántame! -- Las drogas, ¡sencillamente dile que no! -- El juego, el gran saqueo -- El control de la natalidad, pros y contras -- La política -- La contemplación del yo, el traidor interior -- ¿Música sagrada o contaminación sonora? -- Tómate el tiempo para ser santo. | |
| 526 | _aSEG42 | ||
| 526 | _aSEG41 | ||
| 526 | _aSEG40 | ||
| 526 | _aSEG39 | ||
| 526 | _aP94 | ||
| 526 | _aP87 | ||
| 526 | _aP86 | ||
| 526 | _aP85 | ||
| 526 | _aP77 | ||
| 526 | _aP76 | ||
| 526 | _aP35 | ||
| 650 | 0 | 4 | _aVida cristiana. |
| 700 | 1 |
_aEscuain, Santiago, _etraductor. |
|
| 910 | _agl | ||
| 942 |
_2ddc _cBK |
||
| 949 |
_a248.4 M12 _wDEWEY _c1 _i64932 _lCCODEBUL1 _mBUL _p11.00 _r0 _sY _tBOOK _u2015-7-6 _xTEOLOGIA _o.STAFF. Colección Teología |
||
| 999 |
_c53640 _d53640 |
||
| 980 |
_81 _gALBERTO SANCHEZ Responsable de Automatización |
||